Statistics for 2023年中华老字号数量 猜省份(连坐版)

Click here to take the quiz!

General Stats

  • This quiz has been taken 53 times
  • The average score is 15 of 31

Answer Stats

原有数目摘牌拟认定总数省份% Correct
1801734197上海
98%
117522134北京
96%
91232121浙江
78%
96117112江苏
76%
6632891山东
73%
5721873广东
69%
6641072天津
60%
481956四川
60%
2532951安徽
49%
3411649福建
49%
0022西藏
47%
3411346辽宁
47%
1012青海
44%
1012海南
44%
2233宁夏
44%
2741437山西
42%
2211536河南
42%
323736黑龙江
42%
3014新疆
42%
270936河北
40%
71915内蒙古
38%
271733陕西
38%
261631云南
38%
260834湖北
36%
2211334江西
36%
90716贵州
33%
2001232湖南
33%
140115甘肃
31%
901019广西
31%
1911230重庆
31%
200828吉林
31%

Score Distribution

Percentile by Number Answered

Percent of People with Each Score

Your Score History

You have not taken this quiz